Fernando Rielo: un diálogo a tres voces
Αποθηκεύτηκε σε:
| Κύριος συγγραφέας: | |
|---|---|
| Μορφή: | Βιβλίο |
| Γλώσσα: | Ισπανικά |
| Έκδοση: |
Madrid
Fundación Fernando Rielo
1995
|
| Θέματα: | |
| Ετικέτες: |
Προσθήκη ετικέτας
Δεν υπάρχουν, Καταχωρήστε ετικέτα πρώτοι!
|
MARC
| LEADER | 00000nam a2200000 a 4500 | ||
|---|---|---|---|
| 001 | UCI7052 | ||
| 003 | CL-VaPUC | ||
| 008 | 080605e19950000SP |||||||||||||||||spa|d | ||
| 020 | |a 8486942284 | ||
| 082 | 0 | 4 | |a 248.894 |b GAZ |2 21 |
| 100 | 0 | |a Gazarian-Gautier, Marie-Lise |e author |9 530162 | |
| 245 | 1 | 0 | |a Fernando Rielo: un diálogo a tres voces |
| 300 | |a 191 p | ||
| 942 | |c BK | ||
| 945 | |d 20080605 00:00:00 |a jtorresc | ||
| 260 | |a Madrid |b Fundación Fernando Rielo |c 1995 | ||
| 650 | 0 | |a Misticismo |9 265505 | |
| 650 | 0 | |a Espiritualidad |9 267331 | |
| 650 | 0 | |a Diálogos |9 257026 | |
| 650 | 0 | |a Vida cristiana |9 258753 | |
| 650 | 0 | |a Literatura religiosa |9 266283 | |
| 583 | |a last modification |c 20080605 00:00:00 |k Rodrigo Vera | ||
| 999 | |c 330451 |d 330449 | ||
| 952 | |0 0 |1 0 |4 0 |6 248_894000000000000_GAZ_1995 |7 0 |8 A |9 416006 |a BIBTEO |b BIBTEO |d 2019-11-22 |i 4445775 |o 248.894 GAZ 1995 |p 4445775 |r 2025-01-17 |w 2019-11-22 |y BK |k ICR | ||